VPN v podniku - možnosti a využitie diplomová práca

Guardado en:
Detalles Bibliográficos
Autor principal: Demčišák, Roman
Autor Corporativo: Fakulta hospodárskej informatiky EU. Katedra aplikovanej informatiky
Otros Autores: Majirský, Miroslav
Formato: Libro
Lenguaje:eslovaco
Publicado: Bratislava 2011
Etiquetas: Agregar Etiqueta
Sin Etiquetas, Sea el primero en etiquetar este registro!

MARC

LEADER 00000nbm a2200000 4500
001 0132317
005 20161109101806.7
041 0 |a slo 
044 |a SK 
245 1 0 |a VPN v podniku - možnosti a využitie  |b diplomová práca  |c Roman Demčišák ; školiteľ: Miroslav Majirský 
264 1 |a Bratislava  |c 2011 
300 |a 64 s. 
100 1 |a Demčišák, Roman 
700 1 |a Majirský, Miroslav 
710 2 |a Fakulta hospodárskej informatiky EU. Katedra aplikovanej informatiky